[Event "DMP-III LIGA Senior PK 2020"]
[Site "Bystre"]
[Date "2020.07.10"]
[Round "5.6"]
[White "Trybowska, Anna"]
[Black "Krzysztynska, Anna"]
[Result "0-1"]
[WhiteElo "1583"]
[BlackElo "1857"]
[Annotator "NA RC"]
[PlyCount "76"]
[EventDate "2020.07.05"]
[EventType "team-tourn"]
[EventCountry "POL"]
[SourceTitle "playchess.com"]
[Source "ChessBase"]
[SourceQuality "1"]
[TimeControl "5400+30"]

{[%evp 10,76,51,-2,33,32767,32767,32767,-5,32767,32767,32767,32767,32767,32767,32767,32767,32767,32767,32767,32767,32767,-38,-41,-50,-43,32767,-40,-24,-27,32767,32767,32767,32767,32767,32767,44,18,70,-11,-6,15,11,-61,-70,-154,-174,-204,-225,-383,-413,-381,-417,-427,-455,-681,-761,-844,-707,-670,32767,-745,-857,32767,32767,32767,32767,-1668,-1227]} 1. d4 {[%emt 0:00:00]} c5 {[%emt 0:00:00]} 2. e3 {[%emt 0:00:00]} e6 {[%emt 0:00:35]} 3. c4 {[%emt 0:00:00]} g6 {[%emt 0:01:27]} 4. Nc3 {[%emt 0:00:07]} Bg7 {[%emt 0:00:34]} 5. Nf3 {[%emt 0:00:07]} Ne7 {[%emt 0:00:54]} 6. Bd3 {[%emt 0:00:15] A34: Symmetrical English: 2 Nc3, lines with ...d5.} (6. Ne4 $14) 6... O-O {[%emt 0:01:32]} 7. O-O {[%emt 0:00:10]} d6 {[%emt 0:01:06] [#]} 8. Qc2 $146 {[%emt 0:00:30]} ({Predecessor:} 8. Be2 Nbc6 9. Qd2 cxd4 10. Nxd4 Nxd4 11. exd4 d5 12. Qd3 dxc4 13. Qxc4 Qxd4 14. Qb3 {0-1 (41) Filipkowska,M (1600)-Mierska,A (1800) Leba 2006}) 8... Nbc6 {[%emt 0:01:39]} 9. dxc5 {[%emt 0:00:31]} Nb4 {[%emt 0:02:09]} 10. Qd2 {[%emt 0:01:54]} dxc5 {[%emt 0:01:26]} 11. Be2 {[%emt 0:00:32]} Qc7 {[%emt 0:12:02]} 12. Nb5 {[%emt 0:01:05]} Qb6 {[%emt 0:02:59]} 13. Qd6 {[%emt 0:00:55]} Nbc6 {[%emt 0:04:09]} 14. Qc7 {[%emt 0:01:32]} Qxc7 {[%emt 0:01:01]} 15. Nxc7 {[%emt 0:00:05]} Rb8 {[%emt 0:00:21]} 16. Nb5 {[%emt 0:00:17]} b6 {[%emt 0:04:13]} 17. Rb1 {[%emt 0:02:03]} Bb7 {[%emt 0:03:23]} 18. b3 {[%emt 0:01:15]} a6 {[%emt 0:02:06]} 19. Nd6 {[%emt 0:00:48]} Ba8 {[%emt 0:01:28]} 20. Bb2 {[%emt 0:00:33]} e5 {[%emt 0:10:00]} 21. Rfd1 {[%emt 0:01:33]} Rfd8 {[%emt 0:03:47]} 22. Ng5 {[%emt 0:01:03]} Rf8 {[%emt 0:10:43]} 23. h4 {[%emt 0:07:05]} h6 {[%emt 0:01:04] [#]} 24. Nge4 {[%emt 0:00:29]} (24. Ngxf7 $1 $16 Rxf7 25. Nxf7 Kxf7 26. h5) 24... f5 {[%emt 0:01:13]} 25. Nc3 {[%emt 0:01:40]} Rfd8 {[%emt 0:05:22]} 26. h5 {[%emt 0:04:01] [#]} ({White should play} 26. Na4 $11) 26... Nd4 $1 {[%emt 0:08:09]} 27. hxg6 {[%emt 0:05:45]} (27. exd4 $15 exd4 28. Ndb5) 27... Rxd6 {[%emt 0:00:37]} 28. exd4 {[%emt 0:00:07]} exd4 {[%emt 0:00:08]} ({Don't do} 28... cxd4 29. Bh5) 29. Bh5 $2 {[%emt 0:03:14]} (29. Nd5 Nxd5 30. cxd5) 29... dxc3 {[%emt 0:02:10]} 30. Rxd6 {[%emt 0:00:48]} cxb2 {[%emt 0:00:13]} 31. f3 {[%emt 0:02:42]} Nc6 {[%emt 0:01:38]} 32. g4 {[%emt 0:00:58]} (32. Rd2 $142) 32... f4 {[%emt 0:02:58]} 33. Rd7 {[%emt 0:00:31]} Nd4 {[%emt 0:01:05]} 34. g5 {[%emt 0:01:49]} hxg5 {[%emt 0:00:20]} 35. Kf2 {[%emt 0:00:19]} Nc2 {[%emt 0:00:27]} 36. Rxg7+ {[%emt 0:00:27]} Kxg7 {[%emt 0:00:10]} 37. Rxb2 {[%emt 0:00:03]} Nd4 {[%emt 0:00:08]} 38. Rd2 {[%emt 0:00:21]} Bc6 $19 {[%emt 0:00:43]} 0-1

[Event "DMP-III LIGA Senior PK 2020"]
[Site "Bystre"]
[Date "2020.07.10"]
[Round "5.7"]
[White "Kopczyk, Daniel"]
[Black "Marut, Leszek"]
[Result "1-0"]
[WhiteElo "2137"]
[BlackElo "1863"]
[Annotator "TA"]
[PlyCount "71"]
[EventDate "2020.07.05"]
[EventType "team-tourn"]
[EventCountry "POL"]
[SourceTitle "playchess.com"]
[Source "ChessBase"]
[SourceQuality "1"]

{[%evp 9,71,34,153,120,160,79,61,77,93,117,116,100,146,123,127,127,127,128,120,126,116,128,154,138,177,99,108,101,102,98,122,120,140,123,129,129,142,140,141,128,139,139,139,133,191,152,200,209,216,218,370,208,285,285,280,287,577,576,570,568,577,564,953,924]} 1. Nc3 d5 2. e4 dxe4 3. Nxe4 e5 4. Bc4 f5 5. Nc3 {[#]} g6 $146 (5... Nc6 $14) ({Predecessor:} 5... Nc6 6. d3 Nf6 7. Nf3 Bd6 8. Bg5 Na5 9. Qe2 Nxc4 10. dxc4 e4 11. c5 Be7 12. Rd1 Nd7 {0-1 (49) Frick,C (2190)-Shirazi,K (2369) Metz 2011}) 6. Qe2 {A00: Irregular Openings.} Bg7 {[#]} 7. d3 (7. d4 $142 $1) 7... Nc6 8. Nf3 {White is slightly better.} Qd6 9. O-O {And now d4! would win.} a6 10. Re1 Bd7 11. Bf4 {Black must now prevent d4.} O-O-O 12. Nxe5 Re8 {[%cal Rg7e5]} 13. Nxd7 Rxe2 14. Bxd6 Rxe1+ 15. Rxe1 Kxd7 16. Bf4 {aiming for Be6+.} Nf6 17. Kf1 (17. Na4 $18) 17... Re8 $16 18. Rxe8 Nxe8 19. Nd1 Nd6 20. Bg8 h6 21. h4 Ne7 22. Bb3 Bf6 23. Bxh6 Bxh4 24. Bf4 Bf6 25. c3 g5 26. Bd2 f4 (26... c6 $16 27. Ne3 Ng6) 27. Ke2 Ng6 28. d4 Nh4 29. g3 f3+ $2 (29... fxg3 {was necessary.} 30. fxg3 Nhf5) 30. Kf1 (30. Ke3 $142) 30... Ne4 31. Bc1 Nf5 32. Bc2 Nfxg3+ $2 (32... Nfd6 33. Ne3 c5 34. dxc5 Nxc5) 33. fxg3 $18 {White is clearly winning.} Nxg3+ 34. Kf2 {[%mdl 64] [#] Double Attack} Ne2 35. Be3 g4 {If only Black now had time for ...Bh4+....} 36. Bf5+ {[%mdl 64] Double Attack. Accuracy: White = 70%, Black = 47%.} 1-0

[Event "DMP-III LIGA Senior PK 2020"]
[Site "Bystre"]
[Date "2020.07.10"]
[Round "5.8"]
[White "Dobrzanski, Krzysztof"]
[Black "Mrozowski, Patryk"]
[Result "0-1"]
[WhiteElo "1722"]
[BlackElo "2065"]
[Annotator "TA"]
[PlyCount "40"]
[EventDate "2020.07.05"]
[EventType "team-tourn"]
[EventCountry "POL"]
[SourceTitle "playchess.com"]
[Source "ChessBase"]
[SourceQuality "1"]

{[%evp 11,40,-13,-12,-12,-10,-18,-10,-27,-19,-29,-13,-26,-15,-65,-54,-64,-77,-156,31,-115,-12,-165,-141,-125,-87,-204,-204,-360,0,-263,-253]} 1. d4 Nf6 2. Nf3 c5 3. e3 d5 4. c3 Nc6 5. Bd3 Bg4 6. Nbd2 e6 7. O-O {D05: Colle System with ...e6.} Bd6 8. dxc5 Bxc5 {[#]} 9. b3 $146 {The position is equal.} ({Predecessor:} 9. e4 O-O 10. Qc2 Rc8 11. e5 Nd7 12. h3 Bxf3 13. Nxf3 h6 14. Qe2 Qc7 15. b4 {½-½ (37) Pourramezanali,A (2537)-Khomeriki,N (2257) Batumi 2018}) 9... Qc7 10. Bb2 Rd8 11. h3 Bh5 12. Qe2 e5 $36 {[%mdl 2048] Threatens to win with ...e4. Black has the initiative.} 13. e4 O-O 14. exd5 (14. Rae1 $142) 14... Rxd5 $2 (14... Nxd5 $17 {And now ...Nf4 would win.} 15. Bf5 Nf4) 15. c4 (15. Ne4 $14 {stays ahead.}) 15... Rd6 ({Black should play} 15... Nd4 $17 16. Bxd4 Rxd4) 16. Bxe5 $2 (16. Ne4 $11 {and White has nothing to worry.} Nxe4 17. Bxe4) 16... Nxe5 17. Qxe5 Re8 18. Qc3 (18. Qf4 $17) 18... Red8 $1 $19 {[%mdl 1024] Black has strong compensation.} 19. Bc2 $2 {[#]} (19. Qe5) 19... Qb6 $2 (19... Rxd2 $1 $19 {[%mdl 512]} 20. Nxd2 (20. Qxd2 Rxd2) 20... Bd4 {[%mdl 64] Skewer}) 20. a3 $2 {[%mdl 8192] [#]} (20. Ne4 $1 $11 {and White stays safe.} Nxe4 21. Bxe4) 20... Rxd2 $1 {[%mdl 512] Accuracy: White = 31%, Black = 63%.} 0-1

[Event "DMP-III LIGA Senior PK 2020"]
[Site "Bystre"]
[Date "2020.07.10"]
[Round "5.9"]
[White "Szaro, Mariusz"]
[Black "Palacki, Rafal"]
[Result "1/2-1/2"]
[WhiteElo "1559"]
[BlackElo "1755"]
[Annotator "NA RC"]
[PlyCount "22"]
[EventDate "2020.07.05"]
[EventType "team-tourn"]
[EventCountry "POL"]
[SourceTitle "playchess.com"]
[Source "ChessBase"]
[SourceQuality "1"]
[TimeControl "5400+30"]

1. d4 {[%emt 0:00:00]} e6 {[%emt 0:00:00]} 2. Nf3 {[%emt 0:02:13]} Nf6 {[%emt 0:00:05]} 3. Bg5 {[%emt 0:00:31]} d5 {[%emt 0:01:13]} 4. e3 {[%emt 0:00:35]} c5 {[%emt 0:01:26]} 5. c3 {[%emt 0:01:20]} Nbd7 {[%emt 0:01:02]} 6. Ne5 {[%emt 0:02:31]} Bd6 {[%emt 0:01:38]} 7. f4 {[%emt 0:00:13]} h6 {[%emt 0:01:13]} 8. Bh4 {[%emt 0:01:40]} g5 {[%emt 0:08:29]} 9. fxg5 {[%emt 0:12:12]} Ne4 {[%emt 0:14:04]} 10. Qh5 {[%emt 0:05:33]} Bxe5 {[%emt 0:02:47]} 11. dxe5 {[%emt 0:00:23]} Nxg5 {[%emt 0:00:25]} 1/2-1/2

[Event "DMP-III LIGA Senior PK 2020"]
[Site "Bystre"]
[Date "2020.07.10"]
[Round "5.11"]
[White "Dziura, Wiktor"]
[Black "Materniak, Aleksander"]
[Result "1/2-1/2"]
[WhiteElo "1353"]
[BlackElo "1660"]
[Annotator "NA"]
[PlyCount "47"]
[EventDate "2020.07.05"]
[EventType "team-tourn"]
[EventCountry "POL"]
[SourceTitle "playchess.com"]
[Source "ChessBase"]
[SourceQuality "1"]
[TimeControl "5400+30"]

1. g3 {[%emt 0:00:00]} d5 {[%emt 0:00:00]} 2. Bg2 {[%emt 0:00:00]} Nf6 {[%emt 0:00:24]} 3. c4 {[%emt 0:00:00]} e6 {[%emt 0:00:52]} 4. cxd5 {[%emt 0:00:37]} exd5 {[%emt 0:00:11]} 5. Nf3 {[%emt 0:00:24]} Be7 {[%emt 0:01:01]} 6. d3 {[%emt 0:00:41]} O-O {[%emt 0:00:49]} 7. O-O {[%emt 0:00:11]} c5 {[%emt 0:02:39]} 8. Bf4 {[%emt 0:01:04]} Nc6 {[%emt 0:02:49]} 9. d4 {[%emt 0:03:40]} Ne4 {[%emt 0:02:34]} 10. Nc3 {[%emt 0:01:47]} Be6 {[%emt 0:03:45]} 11. dxc5 {[%emt 0:06:03]} Bxc5 {[%emt 0:03:18]} 12. Nxe4 {[%emt 0:01:10]} dxe4 {[%emt 0:00:12]} 13. Ng5 {[%emt 0:00:31]} e3 {[%emt 0:08:32]} 14. Bxe3 {[%emt 0:03:59]} Bxe3 {[%emt 0:02:05]} 15. Qxd8 {[%emt 0:00:25]} Raxd8 {[%emt 0:06:52]} 16. fxe3 {[%emt 0:00:56]} Rd2 {[%emt 0:00:39]} 17. Nxe6 {[%emt 0:02:48]} fxe6 {[%emt 0:00:33]} 18. Rxf8+ {[%emt 0:01:22]} Kxf8 {[%emt 0:00:08]} 19. Rc1 {[%emt 0:00:17]} Rxb2 {[%emt 0:04:54]} 20. Bxc6 {[%emt 0:04:03]} bxc6 {[%emt 0:00:08]} 21. Rxc6 {[%emt 0:00:04]} Rxa2 {[%emt 0:01:26]} 22. Rxe6 {[%emt 0:00:13]} Rxe2 {[%emt 0:05:11]} 23. Ra6 {[%emt 0:08:14]} Rxe3 {[%emt 0:00:16]} 24. Rxa7 {[%emt 0:00:06]} 1/2-1/2

[Event "DMP-III LIGA Senior PK 2020"]
[Site "Bystre"]
[Date "2020.07.10"]
[Round "5.12"]
[White "Tarsa, Joanna"]
[Black "Kruczek, Aleksandra"]
[Result "1-0"]
[WhiteElo "1574"]
[BlackElo "1038"]
[Annotator "NA"]
[PlyCount "57"]
[EventDate "2020.07.05"]
[EventType "team-tourn"]
[EventCountry "POL"]
[SourceTitle "playchess.com"]
[Source "ChessBase"]
[SourceQuality "1"]
[TimeControl "5400+30"]

1. e4 c5 2. Nf3 Nc6 3. d4 d5 4. exd5 Qxd5 5. Nc3 Qe6+ 6. Be3 cxd4 7. Nxd4 Nxd4 8. Qxd4 Nf6 9. O-O-O Bd7 10. Bb5 Rd8 11. Qa4 g6 12. Bxd7+ Nxd7 13. Nd5 Qe5 14. Bf4 Qxd5 15. Rxd5 Bg7 16. Rhd1 O-O 17. Rxd7 Rxd7 18. Rxd7 a6 19. Rxe7 h6 20. Re8 b5 21. Rxf8+ Bxf8 22. Qxa6 b4 23. Qc8 b3 24. axb3 Kg7 25. Be5+ f6 26. Qd7+ Kg8 27. Qe6+ Kh7 28. Qf7+ Kh8 29. Bxf6+ 1-0

[Event "DMP-III LIGA Senior PK 2020"]
[Site "Bystre"]
[Date "2020.07.10"]
[Round "5.13"]
[White "Zgoda, Damian"]
[Black "Lorenc, Marian"]
[Result "0-1"]
[WhiteElo "1672"]
[BlackElo "2124"]
[Annotator "TA"]
[PlyCount "96"]
[EventDate "2020.07.05"]
[EventType "team-tourn"]
[EventCountry "POL"]
[SourceTitle "playchess.com"]
[Source "ChessBase"]
[SourceQuality "1"]

{[%evp 15,96,-14,0,-31,104,-100,-87,-90,-84,-93,-69,-75,-81,-78,-81,-80,-75,-74,-80,-123,-66,-130,-116,-108,-119,-163,-158,-158,-179,-213,-172,-213,-206,-239,-214,-211,-213,-219,-222,-220,-213,-215,-220,-298,-187,-215,-188,-286,-226,-348,-249,-314,-301,-609,-669,-1332,-1327,-1311,-1239,-1188,-1075,-1654,-1597,-1278,-1287,-1640,-1648,-5285,-3761,-29973,-29974,-29965,-29966,-29983,-29980,-29984,-29985,-29985,-29986,-29987,-29988,-29994,-29995]} 1. d4 d5 2. Nf3 Nf6 3. Bg5 Ne4 4. Bf4 c5 5. e3 Nc6 6. c3 Qb6 7. Qc1 Bf5 8. Nbd2 Rc8 9. Be2 {D03: 1 d4 d5 2 Nf3 Nf6 3 Bg5, including Torre Attack with early ...d5.} g5 {[#]} (9... e6 $15 {stays ahead.}) 10. Be5 $146 ({And not} 10. Bxg5 Nxg5 11. Nxg5 cxd4 $17) (10. Nxg5 $16 Nxg5 11. dxc5 (11. Bxg5 cxd4 12. O-O Rg8 $17) 11... Qxc5 12. Bxg5) ({Predecessor:} 10. Nxe4 dxe4 11. Nxg5 cxd4 12. exd4 h6 13. Nh3 Nxd4 14. Bd1 Rg8 15. Bg3 Qb5 16. Qe3 e5 17. Bxe5 Qxe5 18. Qxd4 Qxd4 19. cxd4 {0-1 (31) Gretarsson,H (2451)-Smeets,J (2608) chess.com INT 2018}) 10... f6 $17 {Threatens to win with ...Nxd2.} 11. dxc5 {Black is better.} Nxc5 12. Bd4 e5 13. Bxc5 $1 Bxc5 14. O-O O-O $36 {[%mdl 2048] White is under strong pressure.} 15. Nb3 Be7 16. Qd1 Be6 17. Rc1 Rfd8 (17... a5 $17 18. a4 d4) 18. Qc2 (18. Nfd2 $15) 18... a5 19. Nbd2 f5 20. Qa4 g4 21. Ne1 Qxb2 {[%mdl 64] Double Attack} 22. Rc2 Qb6 23. Nd3 Qc7 24. Rb1 {[#]} Nb4 $1 {[%mdl 512]} 25. Nxb4 (25. cxb4 Qxc2) 25... axb4 26. Rbc1 bxc3 27. Rxc3 Qxc3 28. Rxc3 Rxc3 29. Nb3 Rdc8 30. g3 Kf7 31. Bb5 (31. h4 $142) 31... R3c7 32. Qa7 (32. Qa5 {was forced.}) 32... h5 33. Bf1 h4 34. Qa4 $2 (34. gxh4 Bxh4 35. Bb5) 34... Rc2 $19 35. h3 hxg3 36. fxg3 gxh3 37. Bxh3 Rb2 {Hoping for ...Bg5.} 38. Qa7 Rb1+ 39. Bf1 Rc2 40. Qxb7 Rxa2 41. Qb8 {[#]} Raa1 $1 42. Qxe5 (42. Nxa1 Rxb8) 42... Rxf1+ {Black mates.} 43. Kg2 Rg1+ 44. Kf2 Raf1+ 45. Ke2 {[#]} d4 $1 46. Nd2 (46. Nxd4 Bc4+) 46... Re1+ 47. Kf2 dxe3+ 48. Kf3 exd2 {[%mdl 64] Discovered Attack. Accuracy: White = 32%, Black = 77%.} 0-1

[Event "DMP-III LIGA Senior PK 2020"]
[Site "Bystre"]
[Date "2020.07.10"]
[Round "5.14"]
[White "Marciniak, Leonard"]
[Black "Smusz, Kamil"]
[Result "1/2-1/2"]
[WhiteElo "1672"]
[BlackElo "1922"]
[Annotator "TA"]
[PlyCount "55"]
[EventDate "2020.07.05"]
[EventType "team-tourn"]
[EventCountry "POL"]
[SourceTitle "playchess.com"]
[Source "ChessBase"]
[SourceQuality "1"]

{[%evp 15,55,37,37,25,54,40,54,44,53,54,57,59,47,26,28,25,24,0,0,0,0,0,0,0,0,0,0,0,0,0,0,0,0,0,0,0,0,-2,0,-8,0,-3]} 1. e4 e5 2. Nf3 Nc6 3. Bc4 Nf6 4. d3 Be7 5. c3 O-O 6. O-O d5 7. exd5 Nxd5 8. Re1 Bf6 9. Nbd2 {C55: Two Knights: 4 d3, 4 d4 exd4 5 e5 and Max Lange Attack.} Bf5 10. Ne4 Nb6 11. Bb3 {White is slightly better.} Bxe4 12. dxe4 Qxd1 13. Rxd1 {[#]} Rfd8 $146 ({Predecessor:} 13... Na5 14. Bc2 Rfd8 15. Rxd8+ Rxd8 16. b3 Kf8 17. Be3 Ke8 18. Rd1 Rxd1+ 19. Bxd1 g6 {½-½ (26) Schmitz,T (1918)-Fischer,U (1776) Bad Homburg 2014}) 14. Be3 Na5 15. Rxd8+ Rxd8 16. Rd1 (16. Kf1 {with more complications.} Nbc4 17. Bc1 Nd6 18. Bc2 b6 19. b3) 16... Nxb3 {The position is equal.} 17. Rxd8+ Bxd8 18. axb3 f6 19. Bxb6 axb6 $11 {[%mdl 4096] Endgame KB-KN} 20. Kf1 Kf7 21. Ke2 Ke6 22. b4 b5 23. Ne1 Be7 24. Nd3 g6 25. g3 Bf8 26. f4 Be7 27. Kf3 Bf8 28. Ne1 {Accuracy: White = 100%, Black = 95%.} 1/2-1/2

[Event "DMP-III LIGA Senior PK 2020"]
[Site "Bystre"]
[Date "2020.07.10"]
[Round "5.15"]
[White "Kasperek, Rafal"]
[Black "Klok, Kacper"]
[Result "1/2-1/2"]
[WhiteElo "1982"]
[BlackElo "1463"]
[Annotator "TA"]
[PlyCount "37"]
[EventDate "2020.07.05"]
[EventType "team-tourn"]
[EventCountry "POL"]
[SourceTitle "playchess.com"]
[Source "ChessBase"]
[SourceQuality "1"]

{[%evp 15,37,0,43,58,54,-31,0,-67,0,-18,-11,-20,-15,-20,0,0,14,23,25,-433,-320,-422,-391,-424]} 1. e4 c5 2. Nf3 Nc6 3. Bb5 d6 4. d4 cxd4 5. Qxd4 Bd7 6. Bxc6 Bxc6 7. Nc3 Nf6 8. Bg5 Qb6 9. Qxb6 {B53: Sicilian: 2...d6: Lines with Qxd4.} axb6 10. Nd2 ({Better is} 10. Bxf6 $1 $14 gxf6 11. Nd4) 10... e6 11. f3 ({White should try} 11. a3 $11) 11... Be7 (11... b5 $1 $15) 12. O-O h6 13. Be3 b5 14. a3 {[#]} g5 $146 ({Predecessor:} 14... O-O 15. Nb3 Nd7 16. Nd4 Bf6 17. Ndxb5 Bxb5 18. Nxb5 Bxb2 19. Ra2 Bf6 20. Nxd6 Be7 {1-0 (40) Klein,K-Rogge,M Germany 1994}) 15. Nb3 e5 16. Rad1 g4 17. Nc5 $2 {[%mdl 8192] [#]} (17. Nc1 $11 {and White stays safe.}) 17... gxf3 18. gxf3 Rg8+ 19. Kf2 {[%mdl 32768] Accuracy: White = 42%, Black = 79%. . An unexpected result.} 1/2-1/2

[Event "DMP-III LIGA Senior PK 2020"]
[Site "Bystre"]
[Date "2020.07.10"]
[Round "5.17"]
[White "Sygulski, Piotr"]
[Black "Karas, Kacper"]
[Result "1-0"]
[WhiteElo "1652"]
[BlackElo "1150"]
[Annotator "NA RC"]
[PlyCount "67"]
[EventDate "2020.07.05"]
[EventType "team-tourn"]
[EventCountry "POL"]
[SourceTitle "playchess.com"]
[Source "ChessBase"]
[SourceQuality "1"]
[TimeControl "5400+30"]

1. e4 {[%emt 0:00:00]} c5 {[%emt 0:00:00]} 2. Ne2 {[%emt 0:00:00]} d6 {[%emt 0:00:02]} 3. d4 {[%emt 0:00:08]} cxd4 {[%emt 0:00:08]} 4. Nxd4 {[%emt 0:00:02]} Nf6 {[%emt 0:00:05]} 5. Nc3 {[%emt 0:00:03]} a6 {[%emt 0:00:04]} 6. Bd3 {[%emt 0:01:11]} e6 {[%emt 0:01:24]} 7. O-O {[%emt 0:01:49]} Be7 {[%emt 0:00:29]} 8. Be3 {[%emt 0:01:50]} b5 {[%emt 0:08:09]} 9. a3 {[%emt 0:02:56]} Bb7 {[%emt 0:01:00]} 10. f4 {[%emt 0:02:40]} Nbd7 {[%emt 0:02:55]} 11. Kh1 {[%emt 0:05:23]} Rc8 {[%emt 0:01:26]} 12. Nf3 {[%emt 0:05:52]} Rxc3 {[%emt 0:04:38]} 13. bxc3 {[%emt 0:00:38]} Nxe4 {[%emt 0:15:50]} 14. Bxe4 {[%emt 0:03:23]} Bxe4 {[%emt 0:00:21]} 15. a4 {[%emt 0:03:38]} bxa4 {[%emt 0:15:39]} 16. Rxa4 {[%emt 0:00:34]} Bc6 {[%emt 0:00:08]} 17. Ra1 {[%emt 0:01:36]} Bb5 {[%emt 0:01:22]} 18. Re1 {[%emt 0:00:54]} Nf6 {[%emt 0:02:18]} 19. Nd4 {[%emt 0:02:06]} Bc4 {[%emt 0:03:17]} 20. Nc6 {[%emt 0:03:15]} Qc7 {[%emt 0:02:08]} 21. Nxe7 {[%emt 0:02:55]} Kxe7 {[%emt 0:17:11]} 22. f5 {[%emt 0:01:45]} e5 {[%emt 0:02:41]} 23. Bg5 {[%emt 0:04:18]} h5 {[%emt 0:05:10]} 24. Qf3 {[%emt 0:03:38]} Bb5 {[%emt 0:07:07]} 25. Qe4 {[%emt 0:03:52]} Bc6 {[%emt 0:00:41]} 26. Qb4 {[%emt 0:00:09]} Bb5 {[%emt 0:00:32]} 27. Rxe5+ {[%emt 0:00:16]} Kd7 {[%emt 0:01:50]} 28. Rd1 {[%emt 0:04:03]} Rb8 {[%emt 0:03:51]} 29. Bxf6 {[%emt 0:00:58]} gxf6 {[%emt 0:00:07]} 30. Red5 {[%emt 0:00:30]} Rb6 {[%emt 0:02:02]} 31. Qd4 {[%emt 0:00:59]} a5 {[%emt 0:01:38]} 32. Qxf6 {[%emt 0:00:36]} Be2 {[%emt 0:00:59]} 33. Qxf7+ {[%emt 0:00:33]} Kc8 {[%emt 0:00:09]} 34. Qe8+ {[%emt 0:00:03]} 1-0

[Event "DMP-III LIGA Senior PK 2020"]
[Site "Bystre"]
[Date "2020.07.10"]
[Round "5.18"]
[White "Uliasz, Katarzyna"]
[Black "Zgoda, Aleksandra"]
[Result "1-0"]
[WhiteElo "1386"]
[BlackElo "1203"]
[Annotator "NA"]
[PlyCount "115"]
[EventDate "2020.07.05"]
[EventType "team-tourn"]
[EventCountry "POL"]
[SourceTitle "playchess.com"]
[Source "ChessBase"]
[SourceQuality "1"]
[TimeControl "5400+30"]

1. e4 {[%emt 0:00:00]} c5 {[%emt 0:00:00]} 2. d3 {[%emt 0:00:00]} e6 {[%emt 0:00:00]} 3. Nf3 {[%emt 0:00:00]} Nc6 {[%emt 0:00:26]} 4. g3 {[%emt 0:00:00]} Qc7 {[%emt 0:00:24]} 5. Bg2 {[%emt 0:00:05]} d5 {[%emt 0:00:45]} 6. Nbd2 {[%emt 0:00:31]} Nf6 {[%emt 0:00:43]} 7. O-O {[%emt 0:00:14]} Bd6 {[%emt 0:00:46]} 8. Re1 {[%emt 0:02:02]} O-O {[%emt 0:00:47]} 9. Qe2 {[%emt 0:02:20]} Nd7 {[%emt 0:02:27]} 10. c3 {[%emt 0:05:30]} d4 {[%emt 0:07:29]} 11. Ng5 {[%emt 0:12:03]} h6 {[%emt 0:05:33]} 12. Nh3 {[%emt 0:00:21]} b5 {[%emt 0:04:59]} 13. f4 {[%emt 0:00:55]} e5 {[%emt 0:03:38]} 14. f5 {[%emt 0:07:27]} Bb7 {[%emt 0:04:32]} 15. g4 {[%emt 0:01:03]} Be7 {[%emt 0:02:28]} 16. Nf1 {[%emt 0:03:18]} Qd8 {[%emt 0:05:28]} 17. Ng3 {[%emt 0:00:48]} Kh7 {[%emt 0:02:05]} 18. g5 {[%emt 0:04:55]} Rg8 {[%emt 0:07:22]} 19. Qh5 {[%emt 0:08:32]} Qf8 {[%emt 0:02:10]} 20. Rf1 {[%emt 0:12:51]} f6 {[%emt 0:09:07]} 21. gxh6 {[%emt 0:02:19]} gxh6 {[%emt 0:00:52]} 22. Nf2 {[%emt 0:03:08]} Nd8 {[%emt 0:02:43]} 23. Ng4 {[%emt 0:02:08]} Nf7 {[%emt 0:01:20]} 24. Bd2 {[%emt 0:08:03]} Rd8 {[%emt 0:02:57]} 25. cxd4 {[%emt 0:00:14]} cxd4 {[%emt 0:01:24]} 26. Rac1 {[%emt 0:00:18]} Rc8 {[%emt 0:00:51]} 27. Rxc8 {[%emt 0:00:13]} Bxc8 {[%emt 0:00:41]} 28. Rc1 {[%emt 0:00:14]} Ng5 {[%emt 0:08:12]} 29. h4 {[%emt 0:01:45]} Nf7 {[%emt 0:00:42]} 30. Rxc8 {[%emt 0:01:24]} Qxc8 {[%emt 0:03:28]} 31. Qxf7+ {[%emt 0:09:48]} Rg7 {[%emt 0:01:23]} 32. Qh5 {[%emt 0:00:15]} Qf8 {[%emt 0:10:57]} 33. Bxh6 {[%emt 0:03:39]} Kg8 {[%emt 0:00:37]} 34. Bxg7 {[%emt 0:00:51]} Qxg7 {[%emt 0:01:16]} 35. Qg6 {[%emt 0:05:55]} Qxg6 {[%emt 0:01:19]} 36. fxg6 {[%emt 0:00:01]} Nf8 {[%emt 0:00:17]} 37. h5 {[%emt 0:00:08]} Ne6 {[%emt 0:00:17]} 38. Nf5 {[%emt 0:00:10]} Bd8 {[%emt 0:00:27]} 39. g7 {[%emt 0:02:01]} Nxg7 {[%emt 0:00:44]} 40. Nxg7 {[%emt 0:00:04]} Kxg7 {[%emt 0:00:07]} 41. Kf2 {[%emt 0:00:23]} Be7 {[%emt 0:00:38]} 42. Bf3 {[%emt 0:00:29]} a5 {[%emt 0:00:21]} 43. Nh2 {[%emt 0:00:52]} Kh6 {[%emt 0:00:52]} 44. Nf1 {[%emt 0:00:06]} a4 {[%emt 0:00:37]} 45. Ng3 {[%emt 0:00:05]} Kg5 {[%emt 0:00:55]} 46. Nf5 {[%emt 0:00:09]} Bf8 {[%emt 0:00:12]} 47. h6 {[%emt 0:02:28]} Bxh6 {[%emt 0:00:27]} 48. Nxh6 {[%emt 0:00:05]} Kxh6 {[%emt 0:00:05]} 49. Bg4 {[%emt 0:00:26]} b4 {[%emt 0:00:19]} 50. a3 {[%emt 0:00:09]} bxa3 {[%emt 0:00:32]} 51. bxa3 {[%emt 0:00:32]} Kg6 {[%emt 0:00:19]} 52. Bd7 {[%emt 0:00:00]} Kf7 {[%emt 0:00:15]} 53. Bxa4 {[%emt 0:00:00]} Ke7 {[%emt 0:00:15]} 54. Bb5 {[%emt 0:00:00]} Kd8 {[%emt 0:00:10]} 55. a4 {[%emt 0:00:05]} Kc7 {[%emt 0:00:08]} 56. Kg3 {[%emt 0:00:09]} Kb6 {[%emt 0:00:33]} 57. Kg4 {[%emt 0:00:06]} Kc7 {[%emt 0:00:07]} 58. Kf5 {[%emt 0:00:04]} 1-0